000 nam a22 7a 4500
999 _c8992
_d8992
008 180122b ||||| |||| 00| 0 eng d
100 _aGupta R. G
_95293
245 _aLab Manual Maths
260 _aNew Delhi
_bArya Publication
_c2008